Podnikatelia očakávajú recesiu

Podnikatelia očakávajú v roku 2012, v porovnaní s rokom 2011, miernu recesiu vo všetkých ukazovateľoch. Pohľadávky. Podnikateľské prostredie. Hospodárska politika vlády, navrhované opatrenia. Riziká pre podnikateľskú činnosť.

Enregistré dans:
Détails bibliographiques
Auteur principal: Vlčko, Ján
Format: Chapitre de livre
Langue:slovaque
Sujets:
Tags: Ajouter un tag
Pas de tags, Soyez le premier à ajouter un tag!

MARC

LEADER 00000naa a2200000 4500
001 0145809
005 20231109070233.0
041 0 |a slo 
044 |a SK 
245 1 0 |a Podnikatelia očakávajú recesiu  |c Ján Vlčko 
520 |a Podnikatelia očakávajú v roku 2012, v porovnaní s rokom 2011, miernu recesiu vo všetkých ukazovateľoch. Pohľadávky. Podnikateľské prostredie. Hospodárska politika vlády, navrhované opatrenia. Riziká pre podnikateľskú činnosť. 
610 2 0 |a podnikatelia 
610 2 0 |a prostredie podnikateľské 
610 2 0 |a recesia 
610 2 0 |a riziko podnikateľské 
610 2 0 |a pohľadávky 
610 2 0 |a politika hospodárska 
610 2 0 |a vláda 
610 2 0 |a Slovensko 
100 1 |a Vlčko, Ján